Zelda Phantom Hourglass - Statistiques

Statistiques générales
  • Ce quiz a été pris 102 fois
    98 depuis la dernière actualisation
  • Le résultat moyen est 11 sur 38
Statistiques - réponses
Questions Réponses % Correct
"Amie" que Link veut sauver Tetra
78%
Combien de Chevaliers de Mutoh Gary, Tome, Helte et Cute
70%
Solution de la première énigme(nombre de palmiers) 7
69%
Capitaine du bateau Linebeck
65%
Nombre de types de Spectres différents 3
63%
Esprit du Courage Ciela
57%
Peuple de l'ile Goron Goron
56%
Nom du Marchand Ambulant Terry
56%
Voyante de l'ile du feu Astrid
48%
Boss du Temple du rois des Mers Bellum spectre maléfique
48%
Ile du temple du roi des Mers Melka
41%
Peuples de L'ile du Gel Skimo
41%
Femme Pirate Jolène
35%
Fils du chef Goron Ptigoron
35%
Boss de L'ile du Vent Poulpatine empereur du vent
30%
Nom de Grand-Papy Siwan
30%
Boss de l'ile du Feu Braziard maître du feu
26%
Nom du Forgeron Sazu
26%
Minerai de l'ile du Gel Aquanine
24%
Boss de L'ile Molida Crustère fléau à pinces
22%
Boss du Navire Fantôme Les quatre soeurs Cubus
22%
Esprit de la Force Liif
22%
Minerai de l'ile des Ruines Smaragdine
22%
Minerai de l'ile Goron Alzanine
20%
Boss de l'ile Goron Stégoronsaure lézard blindé
20%
Boss de l'ile du Gel Griock dragon bicéphale
19%
Ile au sud de l'ile Molida Ile des Esprits
19%
Esprit de la Sagesse Neri
17%
Ile à l'est de l'ile Goron Ile des Esses
15%
Boss de l'ile des Ruines Oohiss ancien soldat antique
13%
Vendeur de l'Ile Canon Eddo
7%
Ancien Royaume du Nord-Est Kayas
7%
Migloo
7%
Fantasmagorique Sirène Joanne
6%
Fils de l'aventurier de l'ile Bonnan Moran
4%
Résident de L'ile inconnue Parrain des grenouilles
4%
Aventurier trouvé sur l'ile des Morts Mickney
2%
Forme de l'ile des morts Tête Couronnée
2%
Aucun quiz correspondant
Distribution des résultats
% des personnes avec chaque résultat
Percentile par nombre de réponses
Votre historique - résultats
Vous n’avez pas pris ce quiz depuis la dernière actualisation